000 00510nam a22001817a 4500
003 KOHA_MİRAKIL
005 20251224145133.0
008 251224b tu ||||| |||| 00| 0 tur d
020 _a9786257402606
040 _aTR-AnABB
_btur
_cTR-AnABB
041 _atur
082 _a302.23
_bDIS 2023
245 1 0 _aDisiplinlerarası bakış açısıyla medya /
260 _aİstanbul :
_bİstanbul Arel Üniversitesi,
_c2021
300 _a278 sayfa ;
_c23 cm
650 0 4 _aMedya ve politika
942 _2ddc
_cBK
999 _c9935
_d9935
900 _bGizem YORULMAZ